औदुंबर (Record no. 454744)

MARC details
000 -LEADER
fixed length control field 00414nam a2200145Ia 4500
008 - FIXED-LENGTH DATA ELEMENTS--GENERAL INFORMATION
fixed length control field 100204s9999 xx 000 0 und d
082 ## - DEWEY DECIMAL CLASSIFICATION NUMBER
Item number 10308
100 ## - MAIN ENTRY--PERSONAL NAME
Personal name प्रफुल्ल दत्त
245 ## - TITLE STATEMENT
Title औदुंबर
260 ## - PUBLICATION, DISTRIBUTION, ETC. (IMPRINT)
Name of publisher, distributor, etc "रोहन प्रकाशन , मुंबई"
Date of publication, distribution, etc 1987
300 ## - PHYSICAL DESCRIPTION
Extent 116
630 ## - SUBJECT ADDED ENTRY--UNIFORM TITLE
Uniform title औदुंबर
730 ## - ADDED ENTRY--UNIFORM TITLE
Uniform title औदुंबर
942 ## - ADDED ENTRY ELEMENTS (KOHA)
Koha item type Book
Holdings
Withdrawn status Lost status Damaged status Not for loan Home library Current library Date acquired Cost, normal purchase price Total Checkouts Full call number Barcode Date last seen Cost, replacement price Price effective from Koha item type Public note
        N. C. Kelkar Sarvajanik Library, Mulund N. C. Kelkar Sarvajanik Library, Mulund 02/04/2010 25.00   10308 NCKMULUND-10308 02/04/2010 25.00 02/04/2010 Book 6)इतर